| 000 | 00000nam##2200000za#4500 |
| 001 | 9.602693 |
| 003 | CaOODSP |
| 005 | 20240212134142 |
| 007 | cr ||||||||||| |
| 008 | 150406|1992||||xxc|||||o f|0| 0 fre|d |
| 040 | |aCaOODSP|bfre |
| 043 | |an-cn--- |
| 086 | 1 |aNE22-1/1992-10F-PDF |
| 110 | 1 |aCanada. |bOffice national de l'énergie. |
| 245 | 10|aMotifs de décision relativement à l'Association pétrolière du Canada : |h[ressource électronique]|bdemande aux fins de révision de la décision concernant l'Alberta and Southern Gas Co. Ltd. (GH-5-88) |
| 246 | 1 |iTitre de renvoi : |aAssociation pétrolière du Canada ltée. |
| 260 | |aCalgary - Alberta : |bOffice national de l'énergie |cJuin 1992. |
| 300 | |a68p.|bglossaire |
| 490 | 1 |aMotifs de décision|vGH-R-1-91 |
| 500 | |aLe nº de catalogue (NE22-1/1992-10F) et l'ISBN (0-662-97654-4) de l'édition imprimée ont été incorrectement copiés dans cette édition électronique. |
| 590 | |a12-06-Supp|b2012-03-07 |
| 775 | 08|tReasons for decision in the matter of Canadian Petroleum Association Ltd. : |w(CaOODSP)9.572313 |
| 776 | 0#|tRelative à: l'Association pétrolière du Canada : |w(CaOODSP)9.621634 |
| 830 | #0|aMotifs de décision (Canada. Office national de l'énergie)|vGH-R-1-91|w(CaOODSP)9.500899 |
| 856 | 40|ahttp://publications.gc.ca|qPDF|s184 Ko|uhttps://publications.gc.ca/collections/Collection/NE22-1-1992-10F.pdf|yGH-R-1-91 |